00949nac a22002651u 4500010001600000020002800016082001800044090001500062100003400077245006300111260004000174300003400214440003500248500005600283500002600339504006400365511002600429650001100455650001900466650003300485650002400518942002000542999001500562952010600577 a 96011030 a089006900X (alk. paper)00a621.3848bRIH c7283d7283 aRihaczek, August W. 10aPrinciples of high-resolution radar /cAugust W. Rihaczek. aBoston :bArtech House,1996cc1996. axii, 498 p. :bill. ;c23 cm. 4aThe Artech House radar library aOriginally published: New York : McGraw-Hill, 1969. adistributer: Al-Ahram aIncludes bibliographical references (p. 485-487) and index. acatalogued by: wessam 0aRadar. 0aRadar targets. 0aPattern recognition systems. 0aResolution (Optics) cBBk621.3848RIH c7283d7283 00104070aMAINbMAINc1STd2017-01-08ePurchasel0o621.3848RIHp000008818r2025-07-15 00:00:00yBB